00277nam a2200109Ia 4500008004100000020001500041100001700056245004700073250000700120260003000127300001000157211105s9999 xx 000 0 und d aVYASA13058 aMahalingam N 0aTamil Saiva Bhaktakavi Tirujnanasambandhar a\N bSahityaShodh sansthanc\N a352p.